مكتبة جامعة عجلون الوطنية

فهرس بحث المكتبة

Normal view MARC view
  • Arens, Alvin A, Elder, Randal J, Beasley , Mark S. , Hogan, Chris E

Entry Personal Name

Number of records used in: 1

001 - CONTROL NUMBER

  • control field: 5927

003 - CONTROL NUMBER IDENTIFIER

  • control field: JO-AjAnu

005 - DATE AND TIME OF LATEST TRANSACTION

  • control field: 20230606071249.0

008 - FIXED-LENGTH DATA ELEMENTS

  • fixed length control field: 230606|| aca||aabn | a|a d

040 ## - CATALOGING SOURCE

  • Original cataloging agency: JO-AjAnu
  • Transcribing agency: JO-AjAnu

100 ## - HEADING--PERSONAL NAME

  • Personal name: Arens, Alvin A, Elder, Randal J, Beasley , Mark S. , Hogan, Chris E

670 ## - SOURCE DATA FOUND

  • Source citation: Work cat.: (JO-AjAnu)3072: Arens, Alvin A, Elder, Randal J, Beasley , Mark S. , Hogan, Chris E, author, Auditing And Assurance Services